000 00576nam a2200217Ia 4500
003 OSt
005 20140320103815.0
008 140130s9999 xx 000 0 und d
020 _a043928368X
050 _aDT 62.M7
_b.St833 2001
100 _aStewart, David.
245 _cDavid Stewart.
_aYou wouldn't want to be an Egyptian mummy /
260 _bScholastic Inc.,
_cc2001.
_aUSA :
300 _a32 p. :
_bcol. ill. ;
_c21 cm.
440 _v1
521 _aG5
526 _c700
650 _aMummies
_xEgypt
_xJuvenile literature.
942 _cBK
_2lcc
999 _c42073
_d42073